Využitie foresightu v procese formovania hospodárskej politiky EÚ - prínosy a obmedzenia

Predvídanie nepredvídateľnej budúcnosti – vývoj názorov a požiadaviek na prognostiku. Foresight ako kolektívna metóda hľadania rozhodnutí. Foresight a jeho využívanie ako nástroja identifikácie zmien v procese formovania hospodárskej politiky – možnosti a obmedzenia.

Saved in:
Bibliographic Details
Main Author: Fifeková, Elena
Other Authors: Nemcová, Edita
Format: Book Chapter
Language:Slovak
Subjects:
Tags: Add Tag
No Tags, Be the first to tag this record!

MARC

LEADER 00000nla a2200000 4500
001 0227757
005 20240417075111.9
041 0 |a slo 
044 |a CZ 
245 1 0 |a Využitie foresightu v procese formovania hospodárskej politiky EÚ - prínosy a obmedzenia  |c Elena Fifeková, Edita Nemcová 
520 |a Predvídanie nepredvídateľnej budúcnosti – vývoj názorov a požiadaviek na prognostiku. Foresight ako kolektívna metóda hľadania rozhodnutí. Foresight a jeho využívanie ako nástroja identifikácie zmien v procese formovania hospodárskej politiky – možnosti a obmedzenia. 
610 2 0 |a predvídanie 
610 2 0 |a politika hospodárska 
610 2 0 |a Európska únia 
610 2 0 |a prognózovanie 
100 1 |a Fifeková, Elena 
700 1 |a Nemcová, Edita